A Text Book of Child Health Nursing/ (Record no. 196489)

MARC details
000 -LEADER
fixed length control field 00563nam a22001817a 4500
005 - DATE AND TIME OF LATEST TRANSACTION
control field 20231227141139.0
010 ## - LCCN (DPL NO)
LC control number ENG-137267
020 ## - INTERNATIONAL STANDARD BOOK NUMBER
Terms of availability 625.00
International Standard Book Number 9789385616075
035 ## - SYSTEM CONTROL NUMBER
System control number EN-120799
037 ## - SOURCE OF ACQUISITION
Source of stock number/acquisition DBAD/PUB
082 ## - DEWEY DECIMAL CLASSIFICATION NUMBER
Classification number 610.7362
100 ## - MAIN ENTRY--PERSONAL NAME
Personal name Gomathi,S
245 ## - TITLE STATEMENT
Title A Text Book of Child Health Nursing/
Statement of responsibility, etc By S. Gomathi
260 ## - PUBLICATION, DISTRIBUTION, ETC. (IMPRINT)
Place of publication, distribution, etc Andhra Pradesh
Name of publisher, distributor, etc Vijayam Publications
Date of publication, distribution, etc 2023
270 ## - ADDRESS
City Andhra Pradesh
Postal code 517501
Address 219, Prakasam Road, Tirupati
300 ## - PHYSICAL DESCRIPTION
Extent 12,Variable Pages
Dimensions 24cm.(pbh)
942 ## - ADDED ENTRY ELEMENTS (KOHA)
Source of classification or shelving scheme Dewey Decimal Classification
Item type English Books
Call number suffix GOM
Classification part 610.7362
Holdings
Withdrawn status Lost status Not for loan Home library Current library Date acquired Full call number Koha item type Collection code Source of acquisition Cost, normal purchase price Barcode Copy number Cost, replacement price
      Ashok Vihar Ashok Vihar 05/07/2023 610.7362 GOM English Books Non-fiction DBAD/PUB 625.00 EN-120799 1 625.00
      D.B.Act.Division D.B.Act.Division 05/07/2023 610.7362 GOM English Books            

© Delhi Public Library
Hit Counter
free hit counter